ბათუმის შოთა რუსთაველის სახელმწიფო უნივერსიტეტის ბიბლიოთეკა

Come holy Spirit.Learning to Minister in Power (ბიბ.ჩანაწერი № 47403)

000 -LEADER
fixed length control field 00505nam a2200217Ia 4500
001 - CONTROL NUMBER
control field 14265
003 - CONTROL NUMBER IDENTIFIER
control field GE_BSU
008 - FIXED-LENGTH DATA ELEMENTS--GENERAL INFORMATION
fixed length control field 181216s||||||||xx |||||||||||||| ||und||
020 ## - INTERNATIONAL STANDARD BOOK NUMBER
International Standard Book Number 0340385136
040 ## - CATALOGING SOURCE
Transcribing agency GE_BSU
080 ## - UNIVERSAL DECIMAL CLASSIFICATION NUMBER
Universal Decimal Classification number 23
100 ## - MAIN ENTRY--PERSONAL NAME
Personal name PYTCHES,DAVID
245 ## - TITLE STATEMENT
Title Come holy Spirit.Learning to Minister in Power
260 ## - PUBLICATION, DISTRIBUTION, ETC.
Place of publication, distribution, etc. London
260 ## - PUBLICATION, DISTRIBUTION, ETC.
Name of publisher, distributor, etc. Hodder and Stoughton
260 ## - PUBLICATION, DISTRIBUTION, ETC.
Date of publication, distribution, etc. 1985
300 ## - PHYSICAL DESCRIPTION
Extent 287p.18cm.
653 ## - INDEX TERM--UNCONTROLLED
Uncontrolled term Come holy Spirit
653 ## - INDEX TERM--UNCONTROLLED
Uncontrolled term რელიგია
942 ## - ADDED ENTRY ELEMENTS (KOHA)
Koha item type წიგნი
ეგზემპლარები
Withdrawn status Lost status Damaged status Not for loan Date acquired Barcode Date last seen Price effective from Koha item type
        2018-12-17 37618 2018-12-17 2018-12-17 წიგნი